| 000 | 00393nam a2200133Ia 4500 | ||
|---|---|---|---|
| 008 | 190722s9999 xx 000 0 und d | ||
| 020 | _a978-81-317-1703-5 | ||
| 100 | _aDix, Finlay, Abowd, Beale | ||
| 245 | 0 | _aHuman-Computer Interaction | |
| 260 |
_aNew Delhi (India) _bPearson Education, Inc. /Dorling Kindersley (India) Pvt. Ltd. _c2009 |
||
| 300 | _a834p.: | ||
| 942 | _cBK | ||
| 942 | _e3rd. Ed. | ||
| 999 |
_c918 _d918 |
||